Clic Académiciens ou Non ? (5) - Statistiques

Statistiques générales
  • Ce quiz a été pris 4 fois
  • Le résultat moyen est 17 sur 30
Statistiques - réponses
Hint Réponse % Correct
Ludovic Halévy (1834-1908) Académicien(ne)
100%
Georges Cuvier (1769-1832) Académicien(ne)
100%
Nicolas Boileau (1636-1711) Académicien(ne)
100%
Chantal Thomas (1945) Académicien(ne)
100%
Henri Troyat (1911-2007) Académicien(ne)
100%
Jean de La Bruyère (1645-1696) Académicien(ne)
100%
Paul Valéry (1871-1945) Académicien(ne)
100%
Jean Cocteau (1889-1963) Académicien(ne)
100%
Alain Decaux (1925-2016) Académicien(ne)
100%
Hippolyte Taine (1828-1893) Académicien(ne)
100%
Lucien Bonaparte (1775-1840) Académicien(ne)
100%
Jean Rostand (1894-1977) Académicien(ne)
100%
Jean Racine (1639-1699) Académicien(ne)
100%
Paul Claudel (1868-1955) Académicien(ne)
100%
Alain Robbe-Grillet (1922-2008) Académicien(ne)
67%
Valéry Giscard d'Estaing (1926-2020) Académicien(ne)
67%
Henry de Montherlant (1895-1972) Académicien(ne)
67%
Louis Pasteur (1822-1895) Académicien(ne)
67%
Auguste Maquet (1813-1888) Pas Académicien(ne)
33%
Jean Cau (1925-1993) Pas Académicien(ne)
33%
André Gide (1869-1951) Pas Académicien(ne)
0%
Jean-Edern Hallier (1936-1997) Pas Académicien(ne)
0%
Henri de Rothschild (1872-1947) Pas Académicien(ne)
0%
Andrée Chedid (1920-2011) Pas Académicien(ne)
0%
Roger Martin du Gard (1881-1958) Pas Académicien(ne)
0%
Maurice Herzog (1919-2012) Pas Académicien(ne)
0%
Raymond Queneau (1903-1976) Pas Académicien(ne)
0%
Francis Jammes (1868-1938) Pas Académicien(ne)
0%
Félicité Robert de Lamennais (1782-1854) Pas Académicien(ne)
0%
Henri François d'Aguesseau (1668-1751) Pas Académicien(ne)
0%
Aucun quiz correspondant
Distribution des résultats
% des personnes avec chaque résultat
Percentile par nombre de réponses
Votre historique - résultats
Vous n’avez pas pris ce quiz